000 00617nam a2200241Ia 4500
003 OSt
005 20221007074635.0
006 a|||||r|||| 00| 0
007 ta
008 221006b |||||||| |||| 00| 0 eng d
024 _a19,810
037 _cTextual
040 _aFLL
_cFLL
_beng
041 _2eng
_aeng
082 _aV2:2:Z, M7
100 _aJain M.P. Au.
_9183825
245 0 _aIndian constitutional law
250 _a4th
260 _aNagpur
_bWadhwa and Co. India
_c1987
300 _acxliii,953p
_ccm.
942 _hV2:2:Z, M7
_cTEXL
_2CC
999 _c1153171
_d1153171